000 00411nam a2200133Ia 4500
008 220217s9999||||xx |||||||||||||| ||und||
020 _a9788173717116
082 _a004.67 DAT
100 _aDathan, Brahma and Ramnath, Sarnath
245 0 _aObject oriebted analysis design and implementation
260 _aCBS publishers
_bHyderbad
_c2012
300 _aXVII, 470p.
_b425
650 _aCOMPUTER ARCHITECTURE
999 _c185534
_d185534